000 00337nam a2200157Ia 4500
003 OSt
005 20240207164013.0
008 170524s9999 xx 000 0 und d
020 _a978-9354601071
040 _cIIMT UNIVERSITY
100 _aLEVY MICHAEL
100 _c2011
245 0 _aRETAIL MGMT
260 _aTMH
942 _2ddc
_c01
999 _c2663
_d2663